The football encyclopedia (Record no. 545)

MARC details
000 -LEADER
fixed length control field 00903nam a22002897a 4500
001 - CONTROL NUMBER
control field 4905911
005 - DATE AND TIME OF LATEST TRANSACTION
control field 20230808083251.0
008 - FIXED-LENGTH DATA ELEMENTS--GENERAL INFORMATION
fixed length control field 230808b |||||||| |||| 00| 0 eng d
010 ## - LIBRARY OF CONGRESS CONTROL NUMBER
LC control number 94017162
020 ## - INTERNATIONAL STANDARD BOOK NUMBER
International Standard Book Number 0312114354 :
Terms of availability $49.95 ($69.99 Can.)
040 ## - CATALOGING SOURCE
Original cataloging agency DLC
Transcribing agency KMU
Modifying agency KMU
Description conventions rda
050 00 - LIBRARY OF CONGRESS CALL NUMBER
Classification number GV 954
Item number .N44 1994
100 1# - MAIN ENTRY--PERSONAL NAME
Personal name Gifford,Clive
245 14 - TITLE STATEMENT
Title The football encyclopedia
Remainder of title /
Statement of responsibility, etc. Clive Gifford
250 ## - EDITION STATEMENT
Edition statement [2nd ed.].
260 ## - PUBLICATION, DISTRIBUTION, ETC.
Place of publication, distribution, etc. London :
Name of publisher, distributor, etc. Kingfisher,
Date of publication, distribution, etc. 2020.
300 ## - PHYSICAL DESCRIPTION
Extent 144 p. :
Other physical details ill. ;
Dimensions 29 cm.
Accompanying material Euro 2020 cover
500 ## - GENERAL NOTE
General note Include glossary and index
650 #0 - SUBJECT ADDED ENTRY--TOPICAL TERM
Topical term or geographic name entry element Football
Geographic subdivision Europe
650 #0 - SUBJECT ADDED ENTRY--TOPICAL TERM
Topical term or geographic name entry element Teams
650 #0 - SUBJECT ADDED ENTRY--TOPICAL TERM
Topical term or geographic name entry element Skills and Tactics
650 #0 - SUBJECT ADDED ENTRY--TOPICAL TERM
Topical term or geographic name entry element oclc
Geographic subdivision Football Matches
650 #0 - SUBJECT ADDED ENTRY--TOPICAL TERM
Geographic subdivision Soccer Players
906 ## - LOCAL DATA ELEMENT F, LDF (RLIN)
a 7
b cbc
c orignew
d 1
e ocip
f 19
g y-gencatlg
942 ## - ADDED ENTRY ELEMENTS (KOHA)
Source of classification or shelving scheme Library of Congress Classification
Koha item type Non-Fiction
Suppress in OPAC No
Holdings
Withdrawn status Lost status Source of classification or shelving scheme Damaged status Not for loan Collection Home library Current library Shelving location Date acquired Source of acquisition Total Checkouts Full call number Barcode Date last seen Price effective from Koha item type
    Library of Congress Classification     Non-fiction Kapasa Makasa University Kapasa Makasa University Children's Area 08.08.2023 Zambia Library Service   GV 954 Gif 300235 27.10.2023 08.08.2023 Non-Fiction